00497nam a2200193 a 450000100060000000300090000600800410001502000150005604000280007108200180009910000240011724500270014126000310016830000080019949000210020765000220022865000350025065000180028521674CO-ViMGA141112s2004 ck r 000 u spa d a9580492646 aCO-ViMGAbspacCO-ViMGA04aCo863.6 G659h1 aGonzález, Tomás10aLa historia de horacio aBogotá : bNorma, c2006 a160 aA la otra orilla14aNOVELA COLOMBIANA14aRELACIONES FAMILIARES - NOVELA14aVIDA - NOVELA